| Tag |
First Indicator |
Second Indicator |
Subfields |
| LEADER |
00000cam a2200000 4500 |
| 001 |
in00000026552 |
| 005 |
20200725063103.0 |
| 008 |
750718s1903 nyuc 00010 eng u |
| 010 |
|
|
|a 03019685
|
| 035 |
|
|
|a (OCoLC)01459847
|
| 035 |
|
|
|9 AAD5233AM
|
| 040 |
|
|
|c ITD
|d TXA
|d UtOrBLW
|
| 049 |
|
|
|a TXAM
|c [367446]
|
| 050 |
|
0 |
|a PS1263
|b .A1 1903
|
| 092 |
|
|
|a 811
|b C332p
|
| 100 |
1 |
|
|a Cary, Alice,
|d 1820-1871.
|
| 245 |
1 |
4 |
|a The poems of Alice and Phoebe Cary /
|c with introduction and notes by Katherine Lee Bates...
|
| 264 |
|
1 |
|a New York :
|b T. Y. Crowell & company,
|c [1903]
|
| 300 |
|
|
|a 1 page ., xxx, 482 pages :
|b 2 portrait (including frontispiece) ;
|c 19 cm.
|
| 336 |
|
|
|a text
|b txt
|2 rdacontent
|
| 337 |
|
|
|a unmediated
|b n
|2 rdamedia
|
| 338 |
|
|
|a volume
|b nc
|2 rdacarrier
|
| 500 |
|
|
|a Added t.-p. in red and black with ornamental border.
|
| 700 |
1 |
|
|a Cary, Phoebe,
|d 1824-1871.
|
| 700 |
1 |
|
|a Bates, Katharine Lee,
|d 1859-1929.
|
| 999 |
|
|
|a MARS
|
| 999 |
f |
f |
|s 0d19d76a-60d5-3004-b754-e3daa40c7538
|i 0c626bd5-c13e-3ac6-950d-6e81b967ad6f
|t 0
|
| 952 |
f |
f |
|p ric
|a Texas A&M University
|b Rellis Campus
|c Joint Library Facility
|d Remote Storage
|t 0
|e PS1263 .A1 1903
|h Library of Congress classification
|i unmediated -- volume
|m A14801214065
|
| 998 |
f |
f |
|a PS1263 .A1 1903
|t 0
|l Remote Storage
|